| 000 | 01084nam0a22002531 4500 | ||
|---|---|---|---|
| 001 | rc\4605432 | ||
| 005 | 20260407150043.0 | ||
| 035 | _a(NLR Aleph) 008215879 | ||
| 090 |
_a8125482 _c8125482 |
||
| 100 | _a20130416d1965 |||y0rusy50 ca | ||
| 101 | 0 | _arus | |
| 102 | _aRU | ||
| 105 | _ay z ||||| | ||
| 200 | 1 |
_aОрганизация научно-технической информации и пропаганды _eОбмен опытом _e[Сборник статей] _fГос. план. ком. Совета Министров УССР. Ин-т техн. информации |
|
| 210 |
_aКиев _cБ. и. _d1965 |
||
| 215 |
_a70 с. _d22 |
||
| 606 |
_aПроизводственно-техническая пропаганда _jСборники _2psbo |
||
| 606 |
_aТехническая информация _jСборники _2psbo |
||
| 712 | 0 | 2 |
_aИнститут технической информации _cКиев _3RU\NLR\AUTH\8810023921 _9545889 |
| 801 | 0 |
_aRU _bNLR _gpsbo |
|
| 801 | 1 |
_aRU _bELAR _2rusmarc |
|
| 852 |
_aNLR _jБ Б135/О-641 |
||
| 942 | _cBOOK | ||
| 980 | _aNB | ||